El Salvador land reform. 1980-1981 Impact Audit /
Salvato in:
| Autore principale: | |
|---|---|
| Altri autori: | |
| Natura: | testo |
| Pubblicazione: |
Massachusetts:
OXFAM America
|
| Tags: |
Aggiungi Tag
Nessun Tag, puoi essere il primo ad aggiungerne!!
|
MARC
| LEADER | 00000 a a2200000 04500 | ||
|---|---|---|---|
| 001 | 24783 | ||
| 003 | |||
| 040 | |a CRAI/IIS |c CRAI/IIS | ||
| 090 | |a 174600 | ||
| 100 | |a Simon, Laurence | ||
| 245 | |a El Salvador land reform. 1980-1981 Impact Audit / |c Laurence Simon | ||
| 260 | |a Massachusetts: |b OXFAM America | ||
| 300 | |a 94 p. |b map. | ||
| 700 | |a Stephens, James Jr. | ||
| 999 | |c 14212 |d 14212 | ||
